• 首页
  • 本馆介绍
  • 公告通知
  • 最新文献
  • 馆藏检索
  • 电子资源
  • 读者导购
  • 参考咨询
  • 我的图书馆
  • 登录
  • 详细信息显示
  • 放入我的书架
  • 预约/预借图书
  • 作者相关作品
  • 分类相关作品
  • 丛书相关作品
  • 出版社相关作品

书目信息

  • 表格格式
  • 工作单格式
  • 卡片格式
题名:
家具造型与结构设计
    
 
作者: 朱毅 主编
分册:  
出版信息: 北京   化学工业出版社  2017
页数: 246页
开本: 26cm
丛书名:
单 册:
中图分类: TS664.01
科图分类:
主题词: 家具--jia ju--设计
电子资源:
ISBN: 978-7-122-30285-4
000 01021nam0 2200265 450
001 012001003603
005 20131104170537.0
010    @a978-7-122-30285-4@dCNY49.80
099    @aCAL 012017134284
100    @a20170920d2017 em y0chiy50 ea
101 0  @achi
102    @aCN@b110000
105    @aak a 000yy
106    @ar
200 1  @a家具造型与结构设计@Ajia ju zao xing yu jie gou she ji@d= Furniture modeling and structure design@f朱毅主编@zeng
210    @a北京@c化学工业出版社@d2017
215    @a246页@c图@d26cm
320    @a有书目
330    @a本书从家具设计概论入手,阐述了中外家具发展简史,在此基础上全面系统地介绍了家具造型设计、家具功能尺寸设计、家具造型设计程序与表达方法、家具结构设计和专题结构设计等内容,全面丰富、叙述严谨、图文并茂,力求理论与实际相结合,注重实用性。
510 1  @aFurniture modeling and structure design@zeng
606 0  @a家具@Ajia ju@x设计
690    @aTS664.01@v4
701  0 @a朱毅@Azhu yi@4主编
801  2 @aCN@b上海新华@c20191020
905    @b1205961-3@dTS664.01@e56@f3
    
    家具造型与结构设计= Furniture modeling and structure design/朱毅主编.-北京:化学工业出版社,2017
    246页:图;26cm
    
    
    ISBN 978-7-122-30285-4:CNY49.80
    本书从家具设计概论入手,阐述了中外家具发展简史,在此基础上全面系统地介绍了家具造型设计、家具功能尺寸设计、家具造型设计程序与表达方法、家具结构设计和专题结构设计等内容,全面丰富、叙述严谨、图文并茂,力求理论与实际相结合,注重实用性。
●
相关链接 在E读中查询图书 在五车中查询图书 在当当中查询图书 在豆瓣中查询图书


正题名:家具造型与结构设计     索取号:TS664.01/56         预约/预借

序号 登录号 条形码 馆藏地/架位号 状态 备注
1 1205961   212059617   第二样本阅览室/ [索取号:TS664.01/56] 在馆    
2 1205962   212059626   第三借阅区/ [索取号:TS664.01/56] 在馆    
3 1205963   212059635   第三借阅区/ [索取号:TS664.01/56] 在馆    
唐山师范学院图书馆 欢迎您!
大连网信软件有限公司© 版权所有